<?xml version="1.0" encoding="UTF-8"?>
<collection xmlns:xsi="http://www.w3.org/2001/XMLSchema-instance" xsi:schemaLocation="http://www.loc.gov/MARC21/slim http://www.loc.gov/standards/marcxml/schema/MARC21slim.xsd" xmlns="http://www.loc.gov/MARC21/slim">
 <record>
  <leader>00000cmm a22000004a 4500</leader>
  <controlfield tag="001">UP-99796217611211992</controlfield>
  <controlfield tag="003">Buklod</controlfield>
  <controlfield tag="005">20140423141647.0</controlfield>
  <controlfield tag="006">m    go  j        </controlfield>
  <controlfield tag="007">cr cn |||aaaaa</controlfield>
  <controlfield tag="008">110830s2011    xx         u |      eng d</controlfield>
  <datafield tag="020" ind1=" " ind2=" ">
   <subfield code="a">9783642117398 (eBook)</subfield>
  </datafield>
  <datafield tag="020" ind1=" " ind2=" ">
   <subfield code="a">3642117392 (eBook)</subfield>
  </datafield>
  <datafield tag="035" ind1=" " ind2=" ">
   <subfield code="a">(iLib)UPD-00214608134</subfield>
  </datafield>
  <datafield tag="040" ind1=" " ind2=" ">
   <subfield code="a">DLC</subfield>
   <subfield code="d">DML</subfield>
  </datafield>
  <datafield tag="041" ind1="0" ind2=" ">
   <subfield code="a">eng</subfield>
  </datafield>
  <datafield tag="042" ind1=" " ind2=" ">
   <subfield code="a">DMLUC</subfield>
  </datafield>
  <datafield tag="084" ind1=" " ind2=" ">
   <subfield code="a">TK 5102.9</subfield>
   <subfield code="b">N49 2011eb</subfield>
  </datafield>
  <datafield tag="245" ind1="0" ind2="0">
   <subfield code="a">New advances in intelligent signal processing</subfield>
   <subfield code="h">[electronic resource]</subfield>
   <subfield code="c">cAntónio E. Ruano and Annamária R. Várkonyi-Kóczy, editors.</subfield>
  </datafield>
  <datafield tag="264" ind1=" " ind2="1">
   <subfield code="a">Berlin</subfield>
   <subfield code="a">Heidelberg</subfield>
   <subfield code="b">Springer</subfield>
   <subfield code="c">c2011.</subfield>
  </datafield>
  <datafield tag="300" ind1=" " ind2=" ">
   <subfield code="a">1 online resource (xiii, 254 p.)</subfield>
  </datafield>
  <datafield tag="490" ind1="0" ind2=" ">
   <subfield code="a">Studies in Computational Intelligence</subfield>
   <subfield code="v">3720</subfield>
  </datafield>
  <datafield tag="505" ind1="0" ind2=" ">
   <subfield code="a">Accumulation of Fuzzy Random Regression Model -- Evolutionary Multiobjective Neural Network Models Identification: Evolving Task-Optimised Models -- Structural Learning Model of the Neural Network and its Application to LEDs Signal Retrofit -- Robustness of DNA-based Clustering -- Advances in automated neonatal seizure detection -- Design of Fuzzy Relation-Based Image Sharpeners -- Application of Fuzzy Logic and Lukasiewicz Operators for Image Contrast Control -- Low Complexity Situational Models in Image Quality Improvement -- A flexible representation and invertible transformations for images on quantum computers -- Weakly supervised learning: application to fish school recognition -- Intelligent Spaces as Assistive Environments: Visual fall detection using an evolutive algorithm.</subfield>
  </datafield>
  <datafield tag="506" ind1=" " ind2=" ">
   <subfield code="a">IP-based subscription, access limited to within on-campus computer network.</subfield>
   <subfield code="c">Access via Electronic Resources of the UPD University Library Website.</subfield>
  </datafield>
  <datafield tag="520" ind1=" " ind2=" ">
   <subfield code="a">The current volume New Advances in Intelligent Signal Processing contains extended works based on a careful selection of papers presented originally at the jubilee sixth IEEE International Symposium on Intelligent Signal Processing (WISP 2009), held in Budapest Hungary, August 26-28, 2009 - celebrating the 10 years anniversary of the WISP event series. The present book does not intent to be an overall survey on the fields of interest of the area, but tries to find topics which represent new, hot, and challenging problems. The book begins with papers investigating selected problems of Modeling, Identification, and Clustering such as  fuzzy random variables, evolutionary multi-objective neural network models, a structural learning model of neural networks within a Boltzmann machine, a robust DNA-based clustering techniques, and the advances of combining multi-criteria analysis of signals and pattern recognition using machine learning principles.  In the second part of the book Image Processing is treated. The carefully edited chapters deal with fuzzy relation based image enhancement, image contrast control technique based on the application of algebra operators, low complexity situational models of image quality improvement, flexible representation of map images to quantum computers, and object recognition in images.The last chapter presents an image processing application for elderly care, performing real-time 3D tracking based on a new evolutive multi-modal algorithm. The present book does not intent to be an overall survey on the fields of interest of the area, but tries to find topics which represent new, hot, and challenging problems. The book begins with papers investigating selected problems of Modeling, Identification, and Clustering such as  fuzzy random variables, evolutionary multi-objective neural network models, a structural learning model of neural networks within a Boltzmann machine, a robust DNA-based clustering techniques, and the advances of combining multi-criteria analysis of signals and pattern recognition using machine learning principles.  In the second part of the book Image Processing is treated. The carefully edited chapters deal with fuzzy relation based image enhancement, image contrast control technique based on the application of ukasiewicz algebra operators, low complexity situational models of image quality mprovement, flexible representation of map images to quantum computers, and object recognition in images.The last chapter presents an image processing application for elderly care, performing real-time 3D tracking based on a new evolutive multi-modal algorithm.</subfield>
  </datafield>
  <datafield tag="533" ind1=" " ind2=" ">
   <subfield code="a">Electronic reproduction.</subfield>
   <subfield code="b">New York</subfield>
   <subfield code="c">SpringerLink</subfield>
   <subfield code="d">2011.</subfield>
   <subfield code="n">Available via World Wide Web through SpringerLink.</subfield>
  </datafield>
  <datafield tag="650" ind1=" " ind2="0">
   <subfield code="a">Signal processing</subfield>
   <subfield code="x">Digital techniques.</subfield>
  </datafield>
  <datafield tag="650" ind1=" " ind2="0">
   <subfield code="a">Intelligent control system.</subfield>
  </datafield>
  <datafield tag="650" ind1=" " ind2="0">
   <subfield code="a">Electronic books.</subfield>
  </datafield>
  <datafield tag="700" ind1="1" ind2=" ">
   <subfield code="a">Ruano, A. E.</subfield>
   <subfield code="q">(António E.).</subfield>
  </datafield>
  <datafield tag="700" ind1="1" ind2=" ">
   <subfield code="a">Várkonyi-Kóczy, Annamária R.</subfield>
  </datafield>
  <datafield tag="710" ind1="2" ind2=" ">
   <subfield code="a">SpringerLink (Online service).</subfield>
  </datafield>
  <datafield tag="856" ind1="4" ind2="0">
   <subfield code="y">Available for University of the Philippines Diliman via SpringerLink. Click here to access</subfield>
   <subfield code="u">http://link.springer.com/book/10.1007/978-3-642-11739-8</subfield>
  </datafield>
  <datafield tag="905" ind1=" " ind2=" ">
   <subfield code="a">FO</subfield>
  </datafield>
  <datafield tag="950" ind1=" " ind2=" ">
   <subfield code="a">Monograph</subfield>
  </datafield>
  <datafield tag="852" ind1="0" ind2=" ">
   <subfield code="a">UPD</subfield>
   <subfield code="b">DMLR</subfield>
  </datafield>
  <datafield tag="942" ind1=" " ind2=" ">
   <subfield code="a">Electronic Resource</subfield>
  </datafield>
 </record>
</collection>
